header

Taiwan's informal diplomacy and propoganda (Record no. 123510)

MARC details
000 -LEADER
fixed length control field 01368nam a2200349 a 4500
082 04 - DEWEY DECIMAL CLASSIFICATION NUMBER
Classification number 327.1/4/0951249
100 1# - MAIN ENTRY--AUTHOR NAME
Personal name Rawnsley, Gary D.
245 10 - TITLE STATEMENT
Title Taiwan's informal diplomacy and propoganda
260 ## - PUBLICATION, DISTRIBUTION, ETC. (IMPRINT)
Place of publication Houndmills, Basingstoke, Hampshire ;
-- New York :
Name of publisher Palgrave,
Year of publication c2000.
300 ## - PHYSICAL DESCRIPTION
Number of Pages xiii, 182 p.
490 1# - SERIES STATEMENT
Series statement Studies in diplomacy
650 #0 - SUBJECT ADDED ENTRY--TOPICAL TERM
Topical Term Propaganda, Taiwan.
Topical Term Diplomacy.
856 40 - ELECTRONIC LOCATION AND ACCESS
Uniform Resource Identifier http://site.ebrary.com/lib/rucke/Doc?id=2002993

No items available.

© 2026 Rongo University
Contact us: librarian | system librarian | Rongo university